000 00960nam0a2200265 4500
001 RU\NLR\bibl\390482
005 20250721120638.0
010 _a5-98037-002-1
_9600
035 _a(NLR Aleph) 000384787
090 _a478273
_c478273
100 _a20030416d2002 |||y0rusy50 ca
101 0 _arus
102 _aRU
105 _aa |||||||||
200 1 _aМое жизнеописание
_fВ.А. Оппель
_gС-Петерб. мед. акад. последиплом. образования
210 _aСПб.
_cСПбМАПО
_d2002
215 _a447 с.
_cил., факс., портр.
_d25
600 1 _aОппель
_bВ.А.
_f1872 - 1932
_gВладимир Андреевич
_91770868
_3RU\NLR\auth\66795194
686 _aР.г(2)7д Оппель
700 1 _aОппель
_bВ. А.
_f1872-
_gВладимир Андреевич
_4070
801 0 _aRU
_bNLR
_c20030416
_gPSBO
801 1 _aRU
_bNLR
_c20030416
942 _cBOOK
980 _aNB